LEADER 01006nam a2200217 i 4500 001 000000258149 003 CaOOAMICUS 005 20180416000000.0 008 180416s1943 it u000 u ita u 013 $a237057 040 $aSeMil$bita 100 1 $aDe Luca, Giuseppe,$c.$0(OLS)http://semarc/name/242 245 10$aLuigi Maria Grignion da Montfort :$bsaggio biografico /$cGiuseppe De Luca. 260 $aRoma :$ba cura della Postulazione generale monfortana,$c1943. 300 $aXVI, 317 p., [1] c. di tav. ;$cc. geogr. ;$c20 cm. 600 14$aGrignion de Montfort, Luigi Maria .$0(OLS)http://semarc/subject/14988 850 $aSeMil 852 $aSeMil$W1$xVenegono$y1$m3H V 397$j208495$B208495$CSeMilBibl$Z2$F222541 $81 961 $aOmaggio: Altro 996 $6245$aLuigi Maria Grignion da Montfort :$bsaggio biografico$9(OLS)http://semarc/title/269029 996 $6260$aRoma :$ba cura della Postulazione generale monfortana$9(OLS)http://semarc/publisher/50205 LEADER 01397nam a2200313 i 4500 001 000000035257 003 CaOOAMICUS 005 20230308162116.0 008 050217s1984 it u000 u mul u 040 $aSeMil$bita 100 0 $aGregorius : Nyssenus,$c.$0(OLS)http://semarc/name/89135 245 13$aLa vita di Mosè /$cGregorio di Nissa ; a cura di Manlio Simonetti. 300 $aXL, 355 p. ;$c21 cm. 490 1 $aScrittori greci e latini 546 $aTesto greco a fronte 600 04$aMosè .$0(OLS)http://semarc/subject/4772 650 4$aGregorio : di Nissa - Opere.$0(OLS)http://semarc/subject/252 650 4$aMistica cristiana - Testi.$0(OLS)http://semarc/subject/5245 650 4$aPatristica - Testi - Sec. 4.$0(OLS)http://semarc/subject/5488 700 1 $aSimonetti, Manlio,$d<1926-2017>.$0(OLS)http://semarc/name/89094 830 0$aScrittori greci e latini.$0(OLS)http://semarc/title/137 850 $aSeMil 852 $aSeMil$W1$xVenegono$y1$m1ZA A 25$j238291$B1412$CSeMilBibl$Z2$F1412 $81 900 0 $aGregorio : di Nissa$c. 961 $aAcquisto: Pontiggia (Libreria) 961 $aVolume con evidenti e diffuse sottolineature e/o annotazioni a matita 996 $6245$aLa vita di Mosè$9(OLS)http://semarc/title/48147